Statistics for The Coventry Quiz

Click here to take the quiz!

General Stats

  • This quiz has been taken 307 times
  • The average score is 7 of 10

Answer Stats

HintAnswer% Correct
Who Rode Naked Through The City On Horseback During The 11th Century?Lady Godiva
91%
What County Is Coventry In?West Midlands
88%
What Festival is Held Every Year At War Memorial Park?Godiva Festival
82%
What League Are CCFC In?League 1
81%
What Year Did CCFC Win The FA Cup?1987
77%
What Was the Name Of The World War 2 Air Raid That Destroyed The Cathedral?Blitz
77%
What Are The People Of Coventry Refered To As?Coventrians
67%
What Museum Can Be Found Coventry City Center?Coventry Transport Museum
63%
What Is The Second Highest Ethnic Group (8.8%) In Coventy?Indian
62%
What Popular Band Formed In Coventry In 1977?The Specials
61%

Score Distribution

Percentile by Number Answered

Percent of People with Each Score

Your Score History

You have not taken this quiz